Madonna Lyrics - which song are they from - Statistics

General Stats
  • This quiz has been taken 218 times
    213 since last reset
  • The average score is 14 of 45
Answer Stats
Lyric Answer % Correct
ladies with an attitude Vogue
94%
I was beat, incomplete, I'd been had, I was sad and blue Like a Virgin
58%
What you need is a big strong hand, to lift you to your higher ground Express Yourself
57%
music can be such a revelation Into The Groove
57%
today is the last day, that I'm using words Bedtime Story
54%
all your suits are custom made in London Dress You Up
48%
this is where I long to be La Isla Bonita
47%
I do yoga and pilates and the room is full of hotties American Life
46%
you punished me for telling you my fantasies Human Nature
44%
I see you on the street and you walk on by Open Your Heart
41%
just one day out of life, it would be, it would be so nice Holiday
40%
I'm gonna wake up, yes and no Die Another Day
38%
I looked into your eyes, and my world came tumbling down Beautiful Stranger
36%
I traded fame for love, without a second thought Drowned World/Substitute for Love
36%
there was a time I had a mother it was nice Mother and Father
36%
you didn't mean to be cruel, somebody hurt you too Oh Father
36%
if the land of make believe, is inside your heart it will never leave Dear Jessie
34%
the truth is never far behind, you kept it hidden well Live to Tell
31%
now that I am grown, everything's changed - I'll never be the same Nothing Really Matters
31%
you helped me find the reasons why, it took me by surprise that you understood Secret
30%
somethings missing and I don't know why Bad Girl
29%
i know I'll survive, I know I'll stay alive You'll See
29%
no ones telling you how to live your life, but it's a set up Nobody Knows Me
27%
I ran from my house, that cannot contain me, from the man that I cannot keep Mer Girl
26%
here she comes, little miss think she can get, what she wants in the blink of an eye Thief of Hearts
25%
don't pretend you're not hungry, I've seen it before Candy Shop
24%
round and round and round you go, when you find love you'll always know Deeper and Deeper
24%
It came without a warning, didn't want his friends to see him cry In This Life
24%
lifted me up and watched me stumble Living for Love
24%
do I know you from somewhere? why do you leave me wanting more/ Skin
22%
our luck is running out of time Till Death Do Us Part
22%
what do I have to do to be respected, what do I have to say? Why's It So Hard
21%
this world has turned to dust, all we have left is love Ghosttown
18%
are you wasting my time, are you just being kind Love Song
18%
you don't have the luxury of time, you have got to say what's on your mind The Beat Goes On
18%
just think back and remember dear True Blue
18%
universe is full of stars, nothing out there looks the same Impressive Instant
17%
the choice was mine and mine completely Lament
17%
hurry up, I just can't wait, I gotta do it now and I can't be late Over and Over
17%
Jesus Christ will you look at me, don't know who I'm supposed to be X-Static Process
15%
you can't stop me now, cause I'm right and I'm making advances Gambler
13%
I'm non compos mentes I'm Going Bananas
13%
I can't stop thinking of you, the things we used to do Inside of Me
13%
my feet might be falling out of rhythm Now I'm Following You
9%
don't look back, keep your head held high, don't ask them why This Used To Be My Playground
9%
No matching quizzes found
Score Distribution
Percent of People with Each Score
Percentile by Number Answered
Your Score History
You have not taken this quiz since the last reset